A stake in the future (Record no. 106277)
[ view plain ]
| 000 -LEADER | |
|---|---|
| fixed length control field | 01242cam a2200241 4500 |
| 001 - CONTROL NUMBER | |
| control field | L135996 |
| 008 - FIXED-LENGTH DATA ELEMENTS--GENERAL INFORMATION | |
| fixed length control field | 061222n2006 000 0 eng u |
| 035 ## - SYSTEM CONTROL NUMBER | |
| System control number | (Sirsi) u135996 |
| 041 0# - LANGUAGE CODE | |
| Language code of text/sound track or separate title | eng |
| 100 1# - MAIN ENTRY--PERSONAL NAME | |
| Personal name | Whitehead, Christine |
| 110 1# - MAIN ENTRY--CORPORATE NAME | |
| Corporate name or jurisdiction name as entry element | London School of Economics |
| 9 (RLIN) | 1264 |
| 245 02 - TITLE STATEMENT | |
| Title | A stake in the future |
| Remainder of title | equity stakes and landlord savings plans |
| 260 ## - PUBLICATION, DISTRIBUTION, ETC. | |
| Place of publication, distribution, etc. | London Councils |
| Date of publication, distribution, etc. | 2006 |
| 505 ## - FORMATTED CONTENTS NOTE | |
| Formatted contents note | Relevant principles: a literature review -- The spectrum of approaches -- The empirical evidence for London. |
| 520 ## - SUMMARY, ETC. | |
| Summary, etc. | Sets out several recommendations to enable council housing tenants to buy a proportion of their home through equity stakes schemes. Also makes other recommendations to help council tenants save and to benefit from regeneration projects in their local areas. |
| 590 ## - LOCAL NOTE (RLIN) | |
| Local note | KA |
| 651 #4 - SUBJECT ADDED ENTRY--GEOGRAPHIC NAME | |
| Geographic name | LONDON |
| 690 ## - LOCAL SUBJECT ADDED ENTRY--TOPICAL TERM (OCLC, RLIN) | |
| Topical term or geographic name as entry element | PROPERTY-RESIDENTIAL PROPERTY-DOMESTIC RESIDENTIAL PROPERTY |
| 700 1# - ADDED ENTRY--PERSONAL NAME | |
| Personal name | Travers, Tony |
| 700 1# - ADDED ENTRY--PERSONAL NAME | |
| Personal name | Kielland, Torunn |
| 856 40 - ELECTRONIC LOCATION AND ACCESS | |
| Uniform Resource Identifier | <a href="https://www.londoncouncils.gov.uk/search.htm?cx=012816060298198299354%3Aulbaum7l6aw&cof=FORID%3A11&ie=UTF-8&q=A+stake+in+the+future+equity+stakes+and+landlord+savings+plans#1216">https://www.londoncouncils.gov.uk/search.htm?cx=012816060298198299354%3Aulbaum7l6aw&cof=FORID%3A11&ie=UTF-8&q=A+stake+in+the+future+equity+stakes+and+landlord+savings+plans#1216</a> |
| Public note | View the report free of charge at www.londoncouncils.gov.uk... |
| 942 ## - ADDED ENTRY ELEMENTS (KOHA) | |
| Suppress in OPAC | 0 |
| Withdrawn status | Lost status | Source of classification or shelving scheme | Damaged status | Not for loan | Home library | Current library | Shelving location | Date acquired | Total Checkouts | Full call number | Barcode | Date last seen | Copy number | Price effective from | Koha item type |
|---|---|---|---|---|---|---|---|---|---|---|---|---|---|---|---|
| Dewey Decimal Classification | Virtual | Virtual | Online | 22/12/2006 | ONLINE PUBLICATION | 135996-1001 | 06/08/2019 | 1 | 06/08/2019 | Book |